Sex Differences in Delinquency Among African-American Adolescents: A Longitudinal Study

Saved in:  
Bibliographic Details
Main Author: Jang, Sung Joon (Author)
Format: Print Book
Language:English
Published: [Erscheinungsort nicht ermittelbar] State University of New York 1992
In:Year: 1992
Check availability: HBZ Gateway
Subito Delivery Service: Order now.

MARC

LEADER 00000cam a22000002c 4500
001 191270062X
003 DE-627
005 20250127055009.0
007 tu
008 241217s1992 xx ||||| 00| ||eng c
035 |a (DE-627)191270062X 
035 |a (DE-599)KXP191270062X 
040 |a DE-627  |b ger  |c DE-627  |e rda 
041 |a eng 
084 |a 2,1  |2 ssgn 
100 1 |a Jang, Sung Joon  |e VerfasserIn  |0 (DE-588)1115828487  |0 (DE-627)870065378  |0 (DE-576)421134011  |4 aut 
109 |a Jang, Sung Joon  |a Jang, Sung J. 
245 1 0 |a Sex Differences in Delinquency Among African-American Adolescents: A Longitudinal Study 
264 1 |a [Erscheinungsort nicht ermittelbar]  |b State University of New York  |c 1992 
336 |a Text  |b txt  |2 rdacontent 
337 |a ohne Hilfsmittel zu benutzen  |b n  |2 rdamedia 
338 |a Band  |b nc  |2 rdacarrier 
787 0 8 |i Forschungsdaten  |a Thornberry, Terence P.  |t Rochester Youth Development Study Phase 1 Data, 1988-1992 (Rochester, New York)  |d [Erscheinungsort nicht ermittelbar] : [Verlag nicht ermittelbar], 2016  |w (DE-627)1840044411 
935 |a mkri 
951 |a BO 
ELC |b 1 
LOK |0 000 xxxxxcx a22 zn 4500 
LOK |0 001 463766618X 
LOK |0 003 DE-627 
LOK |0 004 191270062X 
LOK |0 005 20241217044958 
LOK |0 008 241217||||||||||||||||ger||||||| 
LOK |0 035   |a (DE-2619)ICPSR136103 
LOK |0 040   |a DE-2619  |c DE-627  |d DE-2619 
LOK |0 092   |o n 
LOK |0 852   |a DE-2619 
LOK |0 852 1  |9 00 
LOK |0 935   |a nacp 
LOK |0 939   |a 17-12-24  |b l01 
ORI |a SA-MARC-krimdoka001.raw